LEADER 02638nam 2200685Ia 450 001 9910450288403321 005 20200520144314.0 010 $a0-19-756208-6 010 $a0-19-028993-7 010 $a1-280-53282-3 010 $a1-4237-3390-8 010 $a0-19-803671-X 010 $a1-60256-920-7 035 $a(CKB)1000000000245557 035 $a(EBL)279660 035 $a(OCoLC)170967422 035 $a(SSID)ssj0000134957 035 $a(PQKBManifestationID)11162624 035 $a(PQKBTitleCode)TC0000134957 035 $a(PQKBWorkID)10057973 035 $a(PQKB)10927615 035 $a(MiAaPQ)EBC279660 035 $a(MiAaPQ)EBC4703960 035 $a(StDuBDS)EDZ0002340634 035 $a(Au-PeEL)EBL279660 035 $a(CaPaEBR)ebr10091889 035 $a(OCoLC)935262050 035 $a(EXLCZ)991000000000245557 100 $a20050103d2005 uy 0 101 0 $aeng 135 $aur|n|---||||| 181 $ctxt 182 $cc 183 $acr 200 10$aData analysis for chemistry$b[electronic resource] $ean introductory guide for students and laboratory scientists /$fD. Brynn Hibbert and J. Justin Gooding 210 $aNew York ;$aOxford $cOxford University Press$d2005 215 $a1 online resource (192 p.) 225 1 $aOxford scholarship online 300 $aPreviously issued in print: 2006. 311 $a0-19-516211-0 311 $a0-19-516210-2 320 $aIncludes bibliographical references and index. 327 $aContents; Readers' Guide: Definitions, Questions, and Useful Functions: Where to Find Things and What to Do; 1. Introduction; 2. Describing Data: Means and Confidence Intervals; 3. Hypothesis Testing; 4. Analysis of Variance; 5. Calibration; Appendix; Bibliography; Index 330 8 $aChemical data analysis, with aspects of metrology in chemistry and chemometrics, is an evolving discipline where new and better ways of doing things are constantly being developed. This book makes data analysis simple by demystifying the language and giving unambiguous ways of doing things. 410 0$aOxford scholarship online. 606 $aChemistry$xStatistical methods 606 $aAnalysis of variance 608 $aElectronic books. 615 0$aChemistry$xStatistical methods. 615 0$aAnalysis of variance. 676 $a540/.72 700 $aHibbert$b D. B$g(D. Brynn),$f1951-$0863041 701 $aGooding$b J. Justin$0863042 801 0$bMiAaPQ 801 1$bMiAaPQ 801 2$bMiAaPQ 906 $aBOOK 912 $a9910450288403321 996 $aData analysis for chemistry$91926535 997 $aUNINA LEADER 03553nam 2200613 450 001 9910813578003321 005 20200520144314.0 010 $a1-118-94724-X 010 $a1-119-05085-5 010 $a1-118-94723-1 035 $a(CKB)4330000000003108 035 $a(SSID)ssj0001569975 035 $a(PQKBManifestationID)16221201 035 $a(PQKBTitleCode)TC0001569975 035 $a(PQKBWorkID)13529780 035 $a(PQKB)10812258 035 $a(PQKBManifestationID)15499208 035 $a(PQKBWorkID)12925804 035 $a(PQKB)23184434 035 $a(MiAaPQ)EBC4436063 035 $a(DLC) 2015027389 035 $a(Au-PeEL)EBL4436063 035 $a(CaPaEBR)ebr11169663 035 $a(CaONFJC)MIL909416 035 $a(OCoLC)913712239 035 $a(PPN)220215871 035 $a(EXLCZ)994330000000003108 100 $a20160330h20162016 uy 0 101 0 $aeng 135 $aurcnu|||||||| 181 $ctxt 182 $cc 183 $acr 200 00$aCleft lip and palate management $ea comprehensive atlas /$fedited by Ricardo D. Bennun [and three others] 210 1$aHoboken, New Jersey :$cWiley Blackwell,$d2016. 210 4$dİ2016 215 $a1 online resource (510 pages) $ccolor illustrations, photographs, tables 300 $aBibliographic Level Mode of Issuance: Monograph 311 $a1-118-60754-6 320 $aIncludes bibliographical references at the end of each chapters and index. 327 $aTissue engineering and regenerative medicine : evolving an application toward cleft lip and palate surgery / George K. Sa?ndor -- The naso-labial region : a revision of the vascular anatomy / Ricardo D. Bennun -- Epidemiological data about non syndromic oral cleft in Argentina / Ricardo D. Bennun -- International multicenter protocol / Ricardo D. Bennun, Suvi P. Tainijoki, Leena Ylikontiola, George K. Sa?ndor, Vanesa Casadio -- Dynamic presurgical naso alveolar remodeling in unilateral and bilateral cases (D.P.N.R. technique) / Ricardo D. Bennun, Analia C. Langsam -- Pediatric anesthesia considerations / Luis Moggi, Maria Bevilacqua, Diofre Ponce, Ricardo D. Bennun -- Unilateral complete cleft lip and nose reconstruction / Ricardo D. Bennun, David Genecov -- Bilateral complete cleft lip and nose reconstruction / Ricardo D. Bennun, George K. Sa?ndor -- Unilateral and bilateral complete cleft palate reconstruction / Ricardo D. Bennun, Luis Monasterio Aljaro -- Correction of transverse problems in cleft patients using the Maimonides protocol / Julia F. Harfin -- Changes in arch dimension after orthodontic treatment in cleft patients / Julia F. Harfin -- The real orthodontic treatment in adults cleft patients / Julia F. Harfin -- Strengthening surgical/orthodontic interrelationships / Julia F. Harfin, Ricardo D. Bennun -- To what extent could dental alveolar osteo-genesis be achieved only with ortothodontic treatment in cleft patients? / Julia F. Harfin -- Laser treatment of cleft lip scars / Agustina Vila Echague -- 3D photography in cleft patients / Virpi Harila, Tuomo Heikkinen, Ville Vuollo, George K. Sa?ndor, Pertti Pirttiniemi. 606 $aCleft lip$xSurgery$vAtlases 606 $aCleft palate$xSurgery$vAtlases 615 0$aCleft lip$xSurgery 615 0$aCleft palate$xSurgery 676 $a617.5/22059 702 $aBennun$b Ricardo D. 801 0$bMiAaPQ 801 1$bMiAaPQ 801 2$bMiAaPQ 906 $aBOOK 912 $a9910813578003321 996 $aCleft lip and palate management$94003472 997 $aUNINA